<?xml version="1.0" encoding="UTF-8"?>
<marc:record xmlns:marc="http://www.loc.gov/MARC21/slim">
   <marc:leader>00000nam a2200000 a 4500</marc:leader>
   <marc:datafield ind1="1" ind2=" " tag="100">
      <marc:subfield code="a">Matheo, Martin</marc:subfield>
      <marc:subfield code="4">aut</marc:subfield>
      <marc:subfield code="e">Verfasser/-in</marc:subfield>
   </marc:datafield>
   <marc:datafield ind1=" " ind2=" " tag="653">
      <marc:subfield code="a">Beziehungen</marc:subfield>
   </marc:datafield>
   <marc:datafield ind1=" " ind2=" " tag="653">
      <marc:subfield code="a">Liebe</marc:subfield>
   </marc:datafield>
   <marc:datafield ind1=" " ind2=" " tag="653">
      <marc:subfield code="a">Luxus</marc:subfield>
   </marc:datafield>
   <marc:datafield ind1=" " ind2=" " tag="653">
      <marc:subfield code="a">Mittvierziger</marc:subfield>
   </marc:datafield>
   <marc:datafield ind1=" " ind2=" " tag="653">
      <marc:subfield code="a">Softcover / Belletristik/Lyrik</marc:subfield>
   </marc:datafield>
   <marc:datafield ind1=" " ind2=" " tag="653">
      <marc:subfield code="a">Anthologie</marc:subfield>
   </marc:datafield>
   <marc:datafield ind1=" " ind2=" " tag="653">
      <marc:subfield code="a">Lyrik</marc:subfield>
   </marc:datafield>
   <marc:datafield ind1="0" ind2="0" tag="245">
      <marc:subfield code="a">Sehnsuchtswege</marc:subfield>
   </marc:datafield>
   <marc:datafield ind1="0" ind2="0" tag="245">
      <marc:subfield code="b">ein Leben und sieben Wünsche</marc:subfield>
   </marc:datafield>
   <marc:datafield ind1="0" ind2="0" tag="245">
      <marc:subfield code="c">Martin Matheo</marc:subfield>
   </marc:datafield>
   <marc:datafield ind1=" " ind2="1" tag="264">
      <marc:subfield code="a">Horn</marc:subfield>
      <marc:subfield code="b">Verlag Berger</marc:subfield>
      <marc:subfield code="c">2017</marc:subfield>
   </marc:datafield>
   <marc:datafield ind1=" " ind2=" " tag="250">
      <marc:subfield code="a">1. Auflage</marc:subfield>
   </marc:datafield>
   <marc:datafield ind1="1" ind2=" " tag="520">
      <marc:subfield code="a">Angaben aus der Verlagsmeldung

Sehnsuchtswege : Ein Leben und sieben Wünsche / von Martin Matheo

Der Wiener Mittvierziger Paul hat alles, was das Herz begehrt. Eine glückliche Ehe, zwei gesunde Kinder und einen stressigen, aber gut bezahlten Job als Werbemanager. So kann er sich auch allerhand Luxus leisten. Eine Villa im Nobelbezirk, einen Sportwagen und noch vieles mehr. Pauls leben läuft nach Plan, er hat alles unter Kontrolle – denkt er. Bis plötzlich ein Unfall alles ändert. Eine ihm unbekannte Macht entscheidet, dass er knapp mit dem Leben davonkommen und an den Rollstuhl gefesselt sein wird.

Wird Paul daran zerbrechen, wird er je wieder auf die Beine kommen? Was macht das alles mit seiner Psyche, den zwischenmenschlichen Beziehungen, seiner Ehe und der Liebe? Was hat das alles schließlich mit den sieben Wünschen zu tun?

Die Veränderung des Protagonisten ist eine Geschichte zum Staunen, die zum Nachdenken, Überdenken, Hinterfragen und zu einer neuen Sicht auf das, was wir unter „Lebensglück“ verstehen, bewegt. Ohne zu belehren, beleuchtet das Buch wichtige Aspekte unseres Lebens: Die Selbstliebe, den wahren Reichtum und die wahre Liebe. Aber auch Vergebung, Freiheit, Wahrhaftigkeit und Berufung kommen darin nicht zu kurz.

Kommen Sie mit auf eine spirituelle Lebensreise der besonderen Art und entdecken sie die Sehnsuchtswege.

Homepage des Autors: www.martinmatheo.com
</marc:subfield>
   </marc:datafield>
   <marc:datafield ind1=" " ind2=" " tag="020">
      <marc:subfield code="a">9783850288170</marc:subfield>
      <marc:subfield code="9">9783850288170</marc:subfield>
   </marc:datafield>
   <marc:datafield ind1=" " ind2=" " tag="020">
      <marc:subfield code="a">385028817X</marc:subfield>
      <marc:subfield code="9">385028817X</marc:subfield>
   </marc:datafield>
   <marc:datafield ind1=" " ind2=" " tag="041">
      <marc:subfield code="a">ger</marc:subfield>
   </marc:datafield>
   <marc:datafield ind1=" " ind2=" " tag="300">
      <marc:subfield code="a">284 Seiten</marc:subfield>
   </marc:datafield>
</marc:record>
